Clic Les rôles de Fernandel - Statistiques

Statistiques générales
  • Ce quiz a été pris 6 fois
    5 depuis la dernière actualisation
  • Le résultat moyen est 9 sur 41
Statistiques - réponses
Hint Extra Hint Explanation Réponse % Correct
Ali Baba et les Quarante Voleurs de Jacques Becker 1954 le serviteur de Cassim Ali Baba
100%
Ignace de Pierre Colombier 1937 Un paysan Ignace Boitaclou
100%
Le Petit Monde de don Camillo de Julien Duvivier 1952 le curé Don Camillo
80%
La Cuisine au beurre de Gilles Grangier 1963 Fernand Jouvin
80%
Simplet de Fernandel 1942 le fada Simplet
80%
L'Auberge rouge de Claude Autant-Lara 1951 Le moine
60%
L'Âge ingrat de Gilles Grangier 1964 Adolphe Lartigue
40%
Barnabé d'Alexander Esway 1938 Barnabé
40%
La Vache et le Prisonnier d'Henri Verneuil 1959 Charles Bailly
40%
Le Schpountz de Marcel Pagnol 1938 Irénée Fabre
40%
L'ennemi public N°1 1963 Un représentant Joe Calvet
40%
Topaze de Marcel Pagnol 1951 professeur à l'institution Muche Albert Topaze
20%
Dynamite Jack de Jean Bastia 1961 Et Dynamite Jack Antoine Espérendieu
20%
Le Boulanger de Valorgue d'Henri Verneuil 1953 Boulanger Félicien Hébrard
20%
Hercule de Carlo Rim et Alexandre Esway 1938 Hercule Maffre
20%
Le coq du régiment de Maurice Cammage 1933 l'un des deux rôles principaux Médard
20%
Raphaël le tatoué de Christian-Jaque 1939 Modeste Manosque
20%
Le Voyage du père de Denys de La Patellière 1966 Fermier Monsieur Quantin
20%
Angèle de Marcel Pagnol 1934 Le valet de ferme Saturnin
20%
L'assassin est dans l'annuaire de Léo Joannon 1962 employé de banque Albert Rimoldi
0%
L'Armoire volante de Carlo Rim 1948 Percepteur Alfred Puc
0%
Heureux qui comme Ulysse d'Henri Colpi 1970 Garçon de ferme Antonin
0%
Heureux qui comme Ulysse d'Henri Colpi 1968 contrebandier Armand Favrot
0%
L'héritier des Mondésir d'Albert Valentin 1939 Bien-Aimé
0%
Le Mystère Saint-Val de René Le Hénaff 1945 Détective amateur Désiré Henri Le Sec
0%
L'Acrobate de Jean Boyer 1941 Ernest Sauce
0%
L'Ordonnance de Victor Tourjanski 1933 L'ordonnance Etienne
0%
Un chapeau de paille d'Italie de Maurice Cammage 1941 Fadinard
0%
Ferdinand le noceur de René Sti 1935 Ferdinand
0%
La loi, c'est la loi de Christian-Jaque 1958 douanier Ferdinand Pastorelli
0%
Un de la Légion de Christian-Jaque 1936 Fernand
0%
Le Couturier de ces dames de Jean Boyer 1956 Couturier Fernand Vignard
0%
Tu m'as sauvé la vie de Sacha Guitry 1950 Clochard Fortuné Richard
0%
Une vie de chien de Maurice Cammage 1943 Gustave Bourdillon
0%
Les Vignes du seigneur de Jean Boyer 1958 Henri Levrier
0%
Le rosier de Mme Husson de Bernard Deschamp 1931 le rosier Isidore
0%
Jim la Houlette d'André Berthomieu 1935 Jacques Moluchet
0%
Crésus de Jean Giono 1960 Berger Jules
0%
Le Caïd de Bernard Borderie 1960 Professeur Justin Migonet
0%
Le Bon roi Dagobert de Pierre Chevalier 1963 et le roi Dagobert M. Pelletan
0%
Don Juan de John Berry 1956 Valet de Don Juan Sganarelle
0%
Aucun quiz correspondant
Distribution des résultats
% des personnes avec chaque résultat
Percentile par nombre de réponses
Votre historique - résultats
Vous n’avez pas pris ce quiz depuis la dernière actualisation